| 000 | 00609nam a2200241Ia 4500 | ||
|---|---|---|---|
| 003 | OSt | ||
| 005 | 20221006144645.0 | ||
| 006 | a|||||r|||| 00| 0 | ||
| 007 | ta | ||
| 008 | 221006b |||||||| |||| 00| 0 eng d | ||
| 020 | _c20.00 | ||
| 024 | _a12,284 | ||
| 037 | _cTextual | ||
| 040 |
_aEASL _cEASL _beng |
||
| 041 |
_2eng _aeng |
||
| 082 | _aV41.N3, G91 | ||
| 100 |
_aPRINGLE M D _9652541 |
||
| 245 | 0 | _aChina struggles for unity | |
| 260 |
_aEngland _bPenguin Books _c1939 |
||
| 300 |
_a182p. _ccm. |
||
| 942 |
_hV41.N3, G91 _cTEXL _2CC |
||
| 999 |
_c1080370 _d1080370 |
||